<?xml version="1.0" encoding="UTF-8"?><?xml-stylesheet type="text/xsl" href="static/style.xsl"?><OAI-PMH xmlns="http://www.openarchives.org/OAI/2.0/" xmlns:xsi="http://www.w3.org/2001/XMLSchema-instance" xsi:schemaLocation="http://www.openarchives.org/OAI/2.0/ http://www.openarchives.org/OAI/2.0/OAI-PMH.xsd"><responseDate>2026-06-06T05:02:45Z</responseDate><request verb="GetRecord" identifier="oai:riuma.uma.es:10630/24376" metadataPrefix="marc">https://riuma.uma.es/rest/oai/request</request><GetRecord><record><header><identifier>oai:riuma.uma.es:10630/24376</identifier><datestamp>2026-02-03T12:39:26Z</datestamp><setSpec>com_10630_2254</setSpec><setSpec>col_10630_37957</setSpec></header><metadata><record xmlns="http://www.loc.gov/MARC21/slim" xmlns:dcterms="http://purl.org/dc/terms/" xmlns:doc="http://www.lyncode.com/xoai" xmlns:xsi="http://www.w3.org/2001/XMLSchema-instance" xsi:schemaLocation="http://www.loc.gov/MARC21/slim http://www.loc.gov/standards/marcxml/schema/MARC21slim.xsd">
   <leader>00925njm 22002777a 4500</leader>
   <datafield ind2=" " ind1=" " tag="042">
      <subfield code="a">dc</subfield>
   </datafield>
   <datafield ind2=" " ind1=" " tag="720">
      <subfield code="a">Nuevo-López, Abraham</subfield>
      <subfield code="e">author</subfield>
   </datafield>
   <datafield ind2=" " ind1=" " tag="260">
      <subfield code="c">2022</subfield>
   </datafield>
   <datafield ind2=" " ind1=" " tag="520">
      <subfield code="a">La tesis doctoral que se presenta, titulada Transporte de mercancías y redes logísticas en Andalucía: el eje territorial Málaga-Sevilla y su potencialidad logística, enmarcada en el programa “Ciudad, territorio y planificación sostenible” y dirigida por el Dr. D. Matías Francisco Mérida Rodríguez, tiene como objetivo fundamental examinar la naturaleza y consistencia, así como su proyección a nivel logístico, del eje territorial constituido por Sevilla y Málaga. Como objetivos secundarios, se persigue conocer la evolución y el estado actual de las redes de transportes andaluzas; analizar los condicionantes del medio físico y humano de la red de transportes; examinar las políticas públicas en Andalucía, España y la UE; revisar el planeamiento urbano y la planificación territorial; y, por último, analizar los principales focos de interés a nivel logístico del eje Sevilla-Málaga. Por ello, el trabajo maneja diferentes escalas: la de Andalucía, como marco territorial; la del eje Sevilla-Málaga como área de estudio; y la local, con el escenario del análisis de detalle de los focos principales.&#xd;
El documento explora la evolución de las redes de infraestructuras de Andalucía, sin perder de vista el contexto español y europeo. El trabajo hace un recorrido diferenciado en dos grandes partes: una, más enfocado al marco teórico y al estudio del marco territorial; y otra, más aplicada y de carácter empírico (segunda parte de nuestra tesis), donde se analiza el eje territorial Sevilla-Málaga y se aborda el análisis de los tres principales focos de dicho eje.</subfield>
   </datafield>
   <datafield ind1="8" ind2=" " tag="024">
      <subfield code="a">https://hdl.handle.net/10630/24376</subfield>
   </datafield>
   <datafield tag="653" ind2=" " ind1=" ">
      <subfield code="a">Ordenación del territorio</subfield>
   </datafield>
   <datafield tag="653" ind2=" " ind1=" ">
      <subfield code="a">Geografía</subfield>
   </datafield>
   <datafield tag="653" ind2=" " ind1=" ">
      <subfield code="a">Andalucía</subfield>
   </datafield>
   <datafield tag="653" ind2=" " ind1=" ">
      <subfield code="a">Transporte - Planificación</subfield>
   </datafield>
   <datafield tag="653" ind2=" " ind1=" ">
      <subfield code="a">Infraestructura (Economía) - Andalucía</subfield>
   </datafield>
   <datafield tag="653" ind2=" " ind1=" ">
      <subfield code="a">Universidad de Málaga - Tesis doctorales</subfield>
   </datafield>
   <datafield ind2="0" ind1="0" tag="245">
      <subfield code="a">Transporte de mercancías y redes logísticas en Andalucía: El eje territorial Málaga-Sevilla y su potencialidad logística</subfield>
   </datafield>
</record>
</metadata></record></GetRecord></OAI-PMH>